000 00632nam a2200229Ia 4500
003 OSt
005 20220924134624.0
006 a|||||r|||| 00| 0
007 ta
008 220923b |||||||| |||| 00| 0 ben d
024 _a281442
037 _cTextual
040 _aARTS
_cARTS
_bben
041 _2ben
_aben
082 _aO157vM<-D50, M7.1-.2
100 _aBhattacharya Paresh Chandra
_9208836
245 0 _aSamagra bangla sahityer paricaya
260 _c1987
650 _aBENGALI LITERATURE
942 _hO157vM<-D50, M7.1-.2
_cTEXL
_2CC
999 _c438029
_d438029